Genetický základ revmatoidní artritidy

Bibliographic Details
Main Authors: Vencovský, Jiří, 1953- (Author), Růžičková, Š. (Author)
Corporate Author: Zjazd slovenských a českých reumatológov (Author)
Format: Conference Proceeding Article
Language:Slovak
Czech
ISSN:1210-1931
Subjects:

MARC

LEADER 00000nab a2200000 a 4500
001 vtls000773003
003 SK-MaSNL
005 20260305000018.0
008 250429c2001 xo 0 slo
015 |a SNBRB2001/11-32088 
035 |a CLN000124790 
035 |a urn:nbn:sk:snk-ab6sy3 
035 |a (uuid)0b3435cc-aeb3-4091-bf0a-1790fb66d83d 
035 |a (urnnbn)urn:nbn:sk:snk:ar-a05ot3 
035 |a (sysno)vtls000773003 
040 |a SNKBUCL  |b slo  |c SNKBUCL  |e AACR2 
041 0 |a cze 
044 |a xo  |c SK 
080 |a 616.72-002.77  |2 1997 
100 1 |a Vencovský, Jiří,  |d 1953-  |4 aut  |9 262908 
245 1 0 |a Genetický základ revmatoidní artritidy  |c J. Vencovský, Š. Růžičková 
611 1 7 |a Zjazd slovenských a českých reumatológov  |n (45. :  |d 2001 :  |c Trenčín, Slovensko)  |x referáty  |x abstrakty  |2 snkbucl  |9 845441 
650 0 7 |a reumatoidná artritída  |2 snkbucl  |9 28588 
655 7 |a články z novín a časopisov  |2 snkbucl  |9 267496 
700 1 |a Růžičková, Š.  |4 aut  |9 1144092 
711 1 |a Zjazd slovenských a českých reumatológov  |n (45. :  |d 2001 :  |c Trenčín, Slovensko)  |4 aut  |9 21755 
773 0 |t Rheumatologia  |g Roč. 15, č. 3 (2001)  |g S. 124  |x 1210-1931  |x 1210-1931 
773 0 |t [Príl.] 45. zjazd slovenských a českých reumatológov  |g Roč. 15, č. 3 (2001)  |g S. 124  |x 1210-1931  |x 1210-1931 
850 |a Slovenská národná knižnica 
852 |a Slovenská národná knižnica 
958 |a article27 
958 |a MI 
958 |a OND 
958 |a EUIPO 
992 |a RBX 
999 |c 3211742  |d 3213672